000 004860000a22001930004500
999 _c48651
_d48651
001 1491
003 CO-MdFUSB
005 20170831192237.0
008 170831b xxu||||| |||| 00| 0 eng d
020 _a958-04-7212-2
040 _cCO-MdBIC
082 0 4 _a863C Es18a
100 1 _aEscobar, Melba
245 1 0 _aLos siete mejores cuentos Arabes / Melba Escobar ; ilustraciones Muyi Neira
260 _aBogotá : Norma
300 _a55 P.
650 1 4 _aCuentos Arabes
942 _cLGB